000 00854nam2a22002411 4500
001 v19\rc\1952853
005 20250619205905.0
035 _a(NLR Aleph) 005037546
090 _a6757913
_c6757913
100 _a20080428d1913 |||y0rusy50 ca
101 0 _arus
102 _aRU
105 _ay z |||||
200 0 _a... за 1912 год
210 _d1913
_aБ. м.
215 _a34 с.
461 0 _1001v19\rc\1952852
_12001#$aОтчет...$fМитьков. кредит. т-во$v... за 1912 год
_96757905
_aМитьковское кредитное т-во (Черниг. губ.)
_cНовозыбков
_d1913
_fМитьков. кредит. т-во
_tОтчет...
_v... за 1912 год
801 0 _aRU
_bNLR
_gpsbo
801 0 _aRU
_bRuMoRGB
_2psbo
801 1 _aRU
_bProSoft-M
_2rusmarc
852 _aNLR
_bВЭО
_j53.в.95
942 _cBOOK
980 _aNB